| 000 | 00371nam a2200121Ia 4500 | ||
|---|---|---|---|
| 008 | 220615s9999||||xx |||||||||||||| ||und|| | ||
| 245 | 0 |
_aThermoplastic _bComposite Materials |
|
| 546 | _aEnglish[eng] | ||
| 650 | _aPolymer chemistry | ||
| 700 | _aZaki El-Sonbati, Adel | ||
| 856 | _uhttps://mts.intechopen.com/storage/books/2249/authors_book/authors_book.pdf | ||
| 942 | _cEB | ||
| 999 |
_c14458 _d14458 |
||